10 Länder mit der größten Produktion erneuerbarer Energien - Statistiken

Allgemein
  • Dieses Quiz wurde 149 mal gespielt
  • Das Durchschnittsergebnis liegt bei 53 aus 60
Antwortstatistiken
Windenergie Platz: Land % Korrekt
1 Deutschland
100%
1 Deutschland
100%
8 Deutschland
100%
2 Deutschland
100%
2 China
98%
6 China
98%
1 China
98%
9 China
98%
5 China
98%
3 Vereinigte Staaten
98%
1 Vereinigte Staaten
98%
5 Vereinigte Staaten
98%
4 Vereinigte Staaten
98%
1 Vereinigte Staaten
98%
1 Vereinigte Staaten
98%
6 Frankreich
96%
7 Frankreich
96%
2 Frankreich
96%
4 Frankreich
96%
9 Kanada
96%
2 Kanada
96%
7 Kanada
96%
7 Kanada
96%
5 Russland
96%
4 Russland
96%
4 Spanien
96%
4 Spanien
96%
8 Spanien
96%
3 Brasilien
95%
3 Brasilien
95%
7 Italien
94%
5 Italien
94%
2 Italien
94%
10 Italien
94%
6 Norwegen
94%
10 Schweden
94%
4 Mexiko
93%
5 Indien
92%
7 Indien
92%
8 Japan
91%
3 Japan
91%
8 Japan
91%
3 Japan
91%
6 Argentinien
90%
9 Polen
90%
10 Australien
89%
8 Vereinigtes Königreich
87%
10 Vereinigtes Königreich
87%
10 Portugal
83%
3 Indonesien
78%
6 Neuseeland
78%
8 Niederlande
77%
7 Island
73%
5 Südkorea
73%
6 Ukraine
72%
9 Thailand
59%
2 Philippinen
49%
9 Venezuela
33%
10 Kenia
20%
9 El Salvador
2%
Keine übereinstimmenden Quizze gefunden
Verteilung der Resultate
Anzahl Personen mit jedem Resultat
Perzentil nach korrekt beantworteten Fragen
Ihre Resultats-Entwicklung
Sie haben dieses Quiz noch nicht gespielt